[Event "Uppsala Young Champions"]
[Site "Uppsala"]
[Date "2019.10.28"]
[Round "5"]
[White "Narva, David"]
[Black "Carlsson, Ludvig"]
[Result "1-0"]
[WhiteElo "1979"]
[BlackElo "2066"]
[PlyCount "107"]
[EventDate "2019.10.25"]
[EventType "swiss"]
[EventRounds "9"]
[EventCountry "SWE"]
[SourceTitle "CBM 192 Extra"]
[Source "Chessbase"]
[SourceDate "2019.11.06"]
[SourceVersion "1"]
[SourceVersionDate "2019.11.06"]
[SourceQuality "1"]

1. e4 e6 2. Nf3 d5 3. e5 c5 4. c3 Nc6 5. Na3 Bd7 6. Nc2 Qb6 7. d4 cxd4 8. cxd4 Nb4 9. Nxb4 Bxb4+ 10. Bd2 Bxd2+ 11. Qxd2 Bb5 12. Bd3 Qa6 13. Bxb5+ Qxb5 14. a4 Qa6 15. b4 Ne7 16. b5 Qb6 17. Qb4 Nc6 18. Qc3 Na5 19. Nd2 0-0 20. Rc1 a6 21. Qc5 Qxc5 22. dxc5 axb5 23. axb5 Nc4 24. Nxc4 dxc4 25. Ke2 Ra5 26. Rxc4 Rxb5 27. Rd1 Rc8 28. Rdc1 g5 29. Ke3 Kg7 30. g4 Kf8 31. R1c2 Rd8 32. Rd4 Ra8 33. Rc3 Ra1 34. Rd8+ Kg7 35. Rb8 Re1+ 36. Kd4 Rb4+ 37. Rc4 Re4+ 38. Kxe4 Rxc4+ 39. Kf3 Rxc5 40. Rxb7 Rxe5 41. Kg3 Re2 42. h3 Kg6 43. Rb8 h5 44. Rg8+ Kf6 45. gxh5 Re4 46. h6 Rh4 47. f4 Rh5 48. fxg5+ Kf5 49. h4 e5 50. Rg7 e4 51. Rxf7+ Ke6 52. Rf6+ Ke7 53. Kg4 e3 54. Rf3 1-0

[Event "Uppsala Young Champions"]
[Site "Uppsala"]
[Date "2019.10.27"]
[Round "4"]
[White "Wernberg, Hugo"]
[Black "Narva, David"]
[Result "1/2-1/2"]
[WhiteElo "2006"]
[BlackElo "1979"]
[PlyCount "171"]
[EventDate "2019.10.25"]
[EventType "swiss"]
[EventRounds "9"]
[EventCountry "SWE"]
[SourceTitle "CBM 192 Extra"]
[Source "Chessbase"]
[SourceDate "2019.11.06"]
[SourceVersion "1"]
[SourceVersionDate "2019.11.06"]
[SourceQuality "1"]

1. e4 d5 2. exd5 Qxd5 3. Nc3 Qd6 4. d4 c6 5. Nf3 Bg4 6. Be2 Nf6 7. h3 Bxf3 8. Bxf3 e6 9. Bg5 Nbd7 10. Qd2 Qc7 11. Bf4 Bd6 12. Bxd6 Qxd6 13. 0-0-0 0-0-0 14. Kb1 Nb6 15. Qe2 Nbd5 16. Ne4 Nxe4 17. Qxe4 Qb4 18. Rd3 Nf6 19. Qe2 Rd7 20. Rhd1 Rhd8 21. Rb3 Qa5 22. Ra3 Qb6 23. c3 Qc7 24. Rxa7 Kb8 25. Ra3 e5 26. Qc4 e4 27. Bg4 Nxg4 28. hxg4 Qf4 29. Qe2 Re7 30. c4 Qf6 31. Qe3 Red7 32. g5 Qf5 33. Qg3+ Rc7 34. Re3 h6 35. gxh6 gxh6 36. Qh4 Re8 37. Rde1 Rce7 38. Ka1 Qe6 39. Qf4+ Kc8 40. d5 cxd5 41. cxd5 Qe5 42. Qxh6 Rc7 43. Rxe4 Qxe4 44. Rxe4 Rxe4 45. a3 Rd7 46. Qg5 Re1+ 47. Ka2 Rd1 48. g4 R1xd5 49. Qe3 Kb8 50. f4 Rd3 51. Qe5+ Ka7 52. f5 R3d5 53. Qe3+ Ka6 54. Qh6+ R7d6 55. Qg7 f6 56. Qe7 Rd2 57. Qe4 R6d4 58. Qf3 Rd6 59. g5 fxg5 60. f6 Rb6 61. Qc3 Rf2 62. Qc4+ Ka7 63. Qa4+ Kb8 64. Qe8+ Ka7 65. Qe3 Rfxb2+ 66. Ka1 R2b3 67. Qc1 Rxf6 68. Qxg5 Rfb6 69. Qc1 Rc6 70. Qg1+ b6 71. Ka2 Rcc3 72. a4 Ka6 73. Qg7 Ra3+ 74. Kb2 Rab3+ 75. Ka2 Rg3 76. Qd7 Rbd3 77. Qb5+ Ka7 78. Qb2 Rg4 79. Qc2 Rdg3 80. Qc6 Rg2+ 81. Kb1 Rb4+ 82. Kc1 Rgg4 83. Qc7+ Ka6 84. Qc8+ Ka7 85. Qc7+ Ka8 86. Qc8+ 1/2-1/2

[Event "Uppsala Young Champions"]
[Site "Uppsala"]
[Date "2019.10.26"]
[Round "2"]
[White "Narva, David"]
[Black "Palozza, Christian"]
[Result "0-1"]
[WhiteElo "1979"]
[BlackElo "2187"]
[PlyCount "46"]
[EventDate "2019.10.25"]
[EventType "swiss"]
[EventRounds "9"]
[EventCountry "SWE"]
[SourceTitle "CBM 192 Extra"]
[Source "Chessbase"]
[SourceDate "2019.11.06"]
[SourceVersion "1"]
[SourceVersionDate "2019.11.06"]
[SourceQuality "1"]

1. e4 c6 2. d4 d5 3. e5 c5 4. Nf3 Nc6 5. c4 cxd4 6. cxd5 Qxd5 7. Nc3 Qa5 8. Nxd4 Qxe5+ 9. Be3 Nf6 10. Bb5 Bd7 11. 0-0 e6 12. Nxc6 bxc6 13. Bd4 Qd6 14. Bxf6 cxb5 15. Qxd6 Bxd6 16. Bxg7 Rg8 17. Ne4 Rxg7 18. Nxd6+ Ke7 19. Rfd1 Bc6 20. Rac1 Bxg2 21. Rc7+ Kf6 22. Rd4 Ke5 23. Rd2 Bd5+ 0-1